000 00518nam a2200241Ia 4500
001 067812
003 YMCAF
005 20230512160453.0
008 100717s1979 ||||||||||||||||| ||und|d
020 _a-
024 _a67812
035 _a7275
040 _aYMCAF
_beng
_cIN-KoLT
041 _aeng
082 _a621.381
_bEXP
100 _aTTP, LAHORE
245 0 _aEXPERIMENTS LABORATROY EXERCISES FOR ELECTRONICS
250 _a-
260 _bLAHORE
_c1979
653 _a-
653 _a-
942 _2ddc
_cBK
999 _c4721
_d4721